|
|
|
|
| LEADER |
00986cam a2200229 7i4500 |
| 001 |
0000030526 |
| 005 |
20131212090000.0 |
| 020 |
0 |
0 |
|a 9789678924009
|
| 090 |
0 |
0 |
|a M 342.5950
|b akt
|
| 245 |
0 |
0 |
|a Akta rahsia rasmi 1972 (Akta 88) =
|l Official secrets Act 1972 (Act 88) :
|b (Hingga 5hb September 2013).
|
| 260 |
0 |
0 |
|a Petaling Jaya:
|b International Law Book Service,
|c 2013.
|
| 300 |
# |
# |
|a 66 p.
|
| 440 |
0 |
0 |
|a Undang - undang Malaysia
|
| 650 |
0 |
0 |
|a Official secret --
|x Law and legislation --
|z Malaysia
|
| 650 |
0 |
0 |
|a Akta Rahsia Rasmi 1972 (Akta 88) --
|z Malaysia
|
| 650 |
0 |
0 |
|a Official secret Act 1972 (Act 88) --
|z Malaysia
|
| 651 |
0 |
0 |
|a Malaysia
|
| 999 |
|
|
|a B000033746
|b Book
|c Malaysia
|e Business Information Centre
|
| 999 |
|
|
|a B000033747
|b Book
|c Malaysia
|e Business Information Centre
|
| 999 |
|
|
|a B000033748
|b Book
|c Malaysia
|e Business Information Centre
|
| 999 |
|
|
|a B000033749
|b Book
|c Malaysia
|e Business Information Centre
|
| 999 |
|
|
|a B000033750
|b Book
|c Malaysia
|e Business Information Centre
|